| 000 | 004580000a22001810004500 | ||
|---|---|---|---|
| 003 | MACL | ||
| 005 | 20150919155810.0 | ||
| 008 | 150919b xxu||||| |||| 00| 0 eng d | ||
| 040 |
_aMACL _cMACL |
||
| 041 | _aEnglish | ||
| 082 | _a891/KOT | ||
| 100 |
_aKotoky, Prafulla _912127 |
||
| 245 |
_aBenudhar Sharma _bMakers Of Indian Literature |
||
| 260 |
_bSahitya Akademi _c1989 _aNew Delhi |
||
| 350 | _a5 | ||
| 650 |
_aLiterature _912128 |
||
| 942 |
_cBK _k891 _2ddc |
||
| 999 |
_c5284 _d5284 |
||